=LDR 00000nam 2200000 4500 =001 INLIS000000000025221 =005 20130612123740 =008 ***********************************Ind** =035 ##$$0010-061300000025221 =041 ##$$a Ind =082 ##$$a 530.07 =090 ##$$a 530.07, Suk i =100 ##$$a Sukabdiyah, Sri =245 ##$$a IPA Fisika 1A untuk Kelas 1 SLTP, Sesuai dengan kurikulum baru/GBPP 1994, Sri Sukabdiyah...[ at.al ] =260 ##$$a 1994 $b Jakarta =300 ##$$a ...jild., ilus, 27 cm =650 ##$$a Fisika - Ilmu Pengetahuan =850 ##$$a NBPNMAT